Theorie der Differentialgleichungen : vorlesungen aus dem gesamtgebiet der gewohnlichen und der partiellen differentialgleichungen

Αποθηκεύτηκε σε:
Λεπτομέρειες βιβλιογραφικής εγγραφής
Κύριος συγγραφέας: Bieberbach, Ludwig, 1886-1982
Μορφή: Βιβλίο
Γλώσσα:German
Δημοσίευση: Berlin : Springer, 1930, c1926
Έκδοση:3η έκδ. Αναθ.
Σειρά:Grundlehren der mathematischen wissenschaften ; 6
Θέματα:
Ετικέτες: Προσθήκη ετικέτας
Δεν υπάρχουν, Καταχωρήστε ετικέτα πρώτοι!

MARC

LEADER 00000cam a2200000 a 4500
001 1/106250
008 150508r19301926gw | ||| |||| ||ger||
040 |a GR-MyUa  |b gre  |c GR-MyUa  |e AACR2 
041 0 |a ger 
082 7 |a 515.35   |2 (23) 
100 1 |a Bieberbach, Ludwig,   |d 1886-1982. 
245 1 0 |a Theorie der Differentialgleichungen :   |b vorlesungen aus dem gesamtgebiet der gewohnlichen und der partiellen differentialgleichungen /   |c von Ludwig Bieberbach.  
250 |a 3η έκδ. Αναθ.  
260 |a Berlin :   |b Springer,   |c 1930, c1926  
300 |a xiii, 396 σ. ;   |c 25 εκ. 
490 1 |a (Grundlehren der mathematischen wissenschaften)  |v 6 
650 0 |a Differential equations. 
830 0 |a Grundlehren der mathematischen wissenschaften ;  |v 6 
852 |a INST  |b SAMOS  |c MAG  |e 20150508  |h 515.35 BIE  |p 005300034788  |q 005300034788  |t BK  |y 0 
970 |a Σιτζίμη  |b Γιασεμή   |z 2015/05/08